000 01171nam a22003497a 4500
003 CHAP
005 20220329142532.0
008 010917d1997 mx a r 00110 spa d
010 _a84654
011 _a85626
020 _a9706130586
035 _a96161
040 _cCHAP
082 0 4 _a540
_bT5
100 0 0 _aTimberlake, Karen C.
_9113326
245 1 0 _aQuímica :
_bintroducción a la química general, a la orgánica y a la bioquímica
_c/por Karen C. Timberlake
250 _a5 ed.
260 _aMéxico, D.F. :
_bOxford University Press Harla México,
_c1997.
300 _a780 p. :
_bilus. ; gráfs.
590 _aBATCH-UPD
_b10
_c20130110
_lUCH01
_h1835
590 _aBATCH-UPD
_b10
_c20130410
_lUCH01
_h1207
590 _aBATCH-UPD
_b10
_c20130914
_lUCH01
_h0645
590 _aBATCH-UPD
_b10
_c20130914
_lUCH01
_h2150
590 _aCONVERSION
_b10
_c20130109
_lUCH01
_h1347
650 1 4 _aBioquímica
_xEstudio y enseñanza.
_912857
650 1 4 _aQuímica orgánica.
_993598
650 1 4 _aQuímica
_xEstudio y enseñanza.
_993559
901 _aBK
905 _aMayto Villalobos S.
942 _cLIBRO
949 _a540 T5
_bBC
_cLIBRO
_d00000000961610
_eLIBRO
_i96161
_st
999 _c84654
_d84654